000 00590nam a22002057a 4500
999 _c3365
_d3365
003 AR-CdUCM
008 190306b ||||| |||| 00| 0 spa d
020 _a968-413-161-5
040 _aMUNICIPALIDAD PROVINCIAL DEL CUSCO
_cBIBLIOTECA MUNICIPAL DEL CUSCO
082 _a868.6 /
_bX
100 _aSatyajit, Ray
_911140
245 _aFatik y el juglar de calcuta /
260 _aMexico :
_bEdit.Calipso,
_c1987.
300 _a121 paginas ;
_c17 cm.
650 _aLiteratura India
_911141
650 _aNovela
_95
650 _aLengua Belgali
_911142
942 _2ddc
_cLIBROS
945 _arjall